| 000 | 01012nam a22003137a 4500 | ||
|---|---|---|---|
| 003 | CHAP | ||
| 005 | 20220329141442.0 | ||
| 008 | 971013s1979 r 00010 d | ||
| 010 | _a68387 | ||
| 011 | _a69359 | ||
| 035 | _a78835 | ||
| 040 | _cCHAP | ||
| 090 | _aFolleto 12208 | ||
| 100 | 0 | 0 |
_aRuiz Basto, Joaquín. _9100616 |
| 245 | _aMatemática y estructuralismo | ||
| 260 |
_aMéxico : _bUNAM. Facultad de Ciencias. Departamento de Matemáticas, _c1979 |
||
| 300 | _a13 p. | ||
| 490 |
_aComunicación interna. Matemáticas en provincia _v; 11 |
||
| 500 | _a29-22 | ||
| 590 |
_aBATCH-UPD _b10 _c20130110 _lUCH01 _h0813 |
||
| 590 |
_aBATCH-UPD _b10 _c20130410 _lUCH01 _h0450 |
||
| 590 |
_aBATCH-UPD _b10 _c20130914 _lUCH01 _h1803 |
||
| 590 |
_aCONVERSION _b10 _c20130109 _lUCH01 _h1338 |
||
| 650 | 1 | 4 |
_aMatemáticas _xFilosofía. _972905 |
| 830 | 0 |
_aComunicación interna. Matemáticas en provincia _v; 11 _926231 |
|
| 901 | _aBK | ||
| 942 | _cFOLL | ||
| 949 |
_aFolleto 12208 _bBC _cFOLL _d-31710 _eTS1 _i78835 _si |
||
| 999 |
_c68387 _d68387 |
||